| 000 | 02029cam a2200373 a 4500 | ||
|---|---|---|---|
| 001 | 15614951 | ||
| 005 | 20091006152355.0 | ||
| 008 | 090206s2009 enk b 001 0 eng | ||
| 010 | _a 2009005334 | ||
| 015 |
_aGBA945752 _2bnb |
||
| 016 | 7 |
_a015176133 _2Uk |
|
| 020 | _a9780521765329 (hardback : alk. paper) | ||
| 020 | _a0521765323 (hardback : alk. paper) | ||
| 020 | _a9780521749343 (pbk.) | ||
| 020 | _a0521749344 (pbk.) | ||
| 035 | _a(OCoLC)ocn299717976 | ||
| 040 |
_aDLC _cDLC _dBTCTA _dYDXCP _dBWKUK _dUKM _dBWK _dCDX _dDLC |
||
| 043 | _ama----- | ||
| 050 | 0 | 0 |
_aJQ1850.A58 _bB76 2009 |
| 082 | 0 | 0 |
_a320.50917 _222 _bBRO |
| 100 | 1 |
_aBrowers, Michaelle, _d1968- _911830 |
|
| 245 | 1 | 0 |
_aPolitical ideology in the Arab world : _baccommodation and transformation / _cMichaelle L. Browers. |
| 260 |
_aCambridge, UK ; _aNew York : _bCambridge University Press, _cc.2009. |
||
| 300 |
_aix, 198 p. ; _c24 cm. |
||
| 440 | 0 |
_aCambridge Middle East studies ; _v31 _911831 |
|
| 500 | _aIncludes Index. | ||
| 504 | _aIncludes bibliographical references (p. 180-192) and index. | ||
| 505 | 0 | _aIntroduction : ideological thought and practice in the Arab region -- Retreat from secularism in Arab nationalist and socialist thought -- A more inclusive Islamism? : the wasatiyya trend -- Framing a cross-ideological alliance -- The Egyptian Movement for Change : intellectual antecedents and generational conflicts -- Yemen's Joint Meeting Parties : origins and architects -- Conclusion : ideological rapprochement, accommodation, transformation, and their limits. | |
| 650 | 0 |
_aIdeology _xPolitical aspects _zArab countries. _911832 |
|
| 651 | 0 |
_aArab countries _xPolitics and government _y1945- _911833 |
|
| 942 |
_2ddc _cBB |
||
| 999 |
_c13492 _d13492 |
||